00439nam a2200181 a 4500001001300000003000900013005001700022008004100039020001000080082001300090100002500103245002200128260003700150300000900187500003500196505001700231650000900248nice12345678IN_TiNIC20260116012924.0050524s1977 newa grp 000 0 eng  ac72000a955bISS aIssari, Mohammad Ali aPicture of Persia aNew YorkbExposition Pressc1977 a277p aincludes index and biblioraphy2 aBibliography aIran